An integrated approach to therapeutic exercise : (Record no. 4855)

000 -LEADER
fixed length control field 00907pam a2200241 a 4500
003 - CONTROL NUMBER IDENTIFIER
control field OSt
005 - DATE AND TIME OF LATEST TRANSACTION
control field 20220330062115.0
008 - FIXED-LENGTH DATA ELEMENTS--GENERAL INFORMATION
fixed length control field 811218s1982 vaua b 001 0 eng
020 ## - INTERNATIONAL STANDARD BOOK NUMBER
International Standard Book Number 0835930882 :
040 ## - CATALOGING SOURCE
Transcribing agency DLC
050 00 - LIBRARY OF CONGRESS CALL NUMBER
Classification number RM725
Item number .S84 1982
100 1# - MAIN ENTRY--PERSONAL NAME
Personal name Sullivan, Patricia E.,
Dates associated with a name 1946-
245 13 - TITLE STATEMENT
Title An integrated approach to therapeutic exercise :
Remainder of title theory and clinical application /
Statement of responsibility, etc. Patricia E. Sullivan, Prudence D. Markos, Mary Alice D. Minor ; photographs by Robert Littlefield.
260 ## - PUBLICATION, DISTRIBUTION, ETC.
Place of publication, distribution, etc. Reston, Va. :
Name of publisher, distributor, etc. Reston Pub. Co.,
Date of publication, distribution, etc. c1982.
300 ## - PHYSICAL DESCRIPTION
Extent xxii, 362 p. :
Other physical details ill. ;
Dimensions 25 cm.
504 ## - BIBLIOGRAPHY, ETC. NOTE
Bibliography, etc. note Includes bibliographical references and index.
650 #0 - SUBJECT ADDED ENTRY--TOPICAL TERM
Topical term or geographic name entry element Exercise therapy.
650 #0 - SUBJECT ADDED ENTRY--TOPICAL TERM
Topical term or geographic name entry element People with disabilities
General subdivision Rehabilitation.
700 1# - ADDED ENTRY--PERSONAL NAME
Personal name Markos, Prudence D.,
Dates associated with a name 1940-
700 1# - ADDED ENTRY--PERSONAL NAME
Personal name Minor, Mary Alice D.,
Dates associated with a name 1944-
906 ## - LOCAL DATA ELEMENT F, LDF (RLIN)
a 7
b cbc
c orignew
d 1
e ocip
f 19
g y-gencatlg
942 ## - ADDED ENTRY ELEMENTS (KOHA)
Source of classification or shelving scheme
Koha item type Book
Holdings
Withdrawn status Lost status Source of classification or shelving scheme Damaged status Not for loan Permanent Location Current Location Shelving location Date acquired Total Checkouts Full call number Barcode Date last seen Price effective from Koha item type Public note
          AU LIBRARY AU LIBRARY Open Shelf 30.03.2022   RM725 .S84 1982 28009078 30.03.2022 30.03.2022 Book SM

Powered by Koha